000 00546nam a2200181 4500
001 111230
003 ES-MaACL
005 20230906185252.0
007 t|
008 061121s1969 sp r ||||1| spa d
100 1 _aOlerón, Pierre.
_986702
245 1 3 _aLa inferioridad física en el niño /
_cPierre Olerón ; traducción de M. Villanueva de Castro.
250 _a1ª. ed.
260 _aBarcelona :
_bMiracle,
_c1969.
300 _a164 p. ;
_c19 cm.
700 1 _aVillanueva de Castro, M.
_9115036
852 _aES-MaACL
_jC-35916
_bR.69887
999 _c111230
_d111230